Reformy trhu práce v Španielsku a princíp flexiistoty

Analýza reformy trhu práce v podmienkach Španielska po nástupe krízy. Vývoj na trhu práce v predkrízovom období, smerovanie reforiem a ich efekty na ukazovatele trhu práce. Potreba zavedenia ďalších štrukturálnych reforiem trhu práce v čo najkratšom čase.

Guardado en:
Detalles Bibliográficos
Autor principal: Klimko, Roman, 1985-
Otros Autores: Rievajová, Eva
Formato: Capítulo de libro
Lenguaje:eslovaco
Materias:
Etiquetas: Agregar Etiqueta
Sin Etiquetas, Sea el primero en etiquetar este registro!

MARC

LEADER 00000nla a2200000 4500
001 0191416
005 20240502083443.9
041 0 |a slo 
044 |a CZ 
245 1 0 |a Reformy trhu práce v Španielsku a princíp flexiistoty  |c Roman Klimko, Eva Rievajová 
520 |a Analýza reformy trhu práce v podmienkach Španielska po nástupe krízy. Vývoj na trhu práce v predkrízovom období, smerovanie reforiem a ich efekty na ukazovatele trhu práce. Potreba zavedenia ďalších štrukturálnych reforiem trhu práce v čo najkratšom čase. 
610 2 0 |a trh práce 
610 2 0 |a kríza 
610 2 0 |a reformy 
610 2 0 |a reformy štruktúrne 
610 2 0 |a Španielsko 
100 1 |a Klimko, Roman, 1985- 
700 1 |a Rievajová, Eva